MDQL
is popping MORE tags! Check the
thread
!
Quizzes
Events
Quiz Creation
Community
Videos
Private Events
Remove Ads
Sign In
Join for FREE
Feedback
Dark Mode
Quiz Categories
Sports
Geography
Music
Movies
Television
Just For Fun
Miscellaneous
History
Literature
Language
Science
Gaming
Entertainment
Religion
Holiday
For Kids
Quiz Lab
Recent
Popular Today
Quiz Kudos Today
Editor Picks
Curator Picks
Quizzes by...
Day
Popularity
Type
Ratings
Length
Year
Community
Subscriptions
Recent Discussions
Orange Saloon
Badges
Playlists
Quests
Create
Leaderboards
Showdown
Live 5
Trivia Bingo
Activity
Puzzle Library
Sporcle Events
Private Events
Virtual Trivia
Globe League
Become a Host
Pub Owners
SporcleCon
Opinionation
Our Games
Videos
Blog
Mobile Apps
Partnerships
Remove Ads and Go Orange
Feedback
Sports
Athletes
MLB
NBA
NHL
NFL
Soccer
Sports Teams
WWE
NCAA
Football
Premier League
Basketball
Baseball
Hockey
Golf
Tennis
Cricket
Rugby
Auto Racing
Olympics
World Cup
Sports
Athletes
MLB
NBA
NHL
NFL
Soccer
Sports Teams
WWE
NCAA
Football
Premier League
Basketball
Baseball
Hockey
Golf
Tennis
Cricket
Rugby
Auto Racing
Olympics
World Cup
Random Quiz
Search Sporcle
×
Quiz Lab
Quiz Lab
Sports
NCAA
Type in answers that appear in a list
Type in answers that appear in a list
Classic
Best Score? Go Orange.
NCAA March Madness Elite Eight Teams Stats
Can you name all the colleges played in the Elite Eight in the March Madness tournament since 1985 (expansion to 64 teams)?
By
jfishman11
20m
304 Questions
1,947 Plays
1,947 Plays
1,947 Plays
Comments
Comments
Give Quiz Kudos
Give Quiz Kudos
-
- Ratings
hide this ad
Replay
Link that replays current quiz
Next Quiz
Link to next quiz in quiz playlist
You Got
0%
They Got
Avg Score
81%
Avg Friend Score
Upgrade to see
Score Distribution
Jump to the score distribution portion of the page
Score
0/304
Timer
20:00
1
Play Today
Year
Team
% Correct
2013
Duke
97.8%
2010
Duke
97.8%
2004
Duke
97.8%
2001
Duke
97.8%
1999
Duke
97.8%
1998
Duke
97.8%
1994
Duke
97.8%
1992
Duke
97.8%
1991
Duke
97.8%
1990
Duke
97.8%
1989
Duke
97.8%
1988
Duke
97.8%
1986
Duke
97.8%
2015
Duke
97.6%
2018
Duke
97.6%
2019
Duke
97.5%
2022
Duke
97.3%
2012
North Carolina
97.3%
2011
North Carolina
97.3%
2009
North Carolina
97.3%
2008
North Carolina
97.3%
2007
North Carolina
97.3%
2005
North Carolina
97.3%
2000
North Carolina
97.3%
1998
North Carolina
97.3%
1997
North Carolina
97.3%
1995
North Carolina
97.3%
1993
North Carolina
97.3%
1991
North Carolina
97.3%
1988
North Carolina
97.3%
1987
North Carolina
97.3%
1985
North Carolina
97.3%
2016
North Carolina
96.9%
2014
Kentucky
96.8%
2012
Kentucky
96.8%
2011
Kentucky
96.8%
2010
Kentucky
96.8%
2005
Kentucky
96.8%
2003
Kentucky
96.8%
1999
Kentucky
96.8%
1998
Kentucky
96.8%
1997
Kentucky
96.8%
1996
Kentucky
96.8%
1995
Kentucky
96.8%
1993
Kentucky
96.8%
1992
Kentucky
96.8%
1986
Kentucky
96.8%
2014
Michigan
96.7%
2013
Michigan
96.7%
2017
North Carolina
96.7%
2012
Kansas
96.6%
2011
Kansas
96.6%
2008
Kansas
96.6%
2007
Kansas
96.6%
1994
Michigan
96.6%
1993
Michigan
96.6%
1992
Michigan
96.6%
1989
Michigan
96.6%
2004
Kansas
96.6%
2003
Kansas
96.6%
2002
Kansas
96.6%
1996
Kansas
96.6%
1993
Kansas
96.6%
1991
Kansas
96.6%
1988
Kansas
96.6%
1986
Kansas
96.6%
2016
Kansas
96.4%
2015
Kentucky
96.3%
2017
Kansas
96.3%
2018
Kansas
96.1%
2014
Florida
96.1%
2013
Florida
96.1%
2012
Florida
96.1%
2011
Florida
96.1%
2007
Florida
96.1%
2006
Florida
96.1%
2000
Florida
96.1%
1994
Florida
96.1%
2022
North Carolina
96.1%
2017
Kentucky
95.9%
2019
Kentucky
95.8%
2014
Michigan State
95.8%
2010
Michigan State
95.8%
2009
Michigan State
95.8%
2005
Michigan State
95.8%
2003
Michigan State
95.8%
2001
Michigan State
95.8%
2000
Michigan State
95.8%
1999
Michigan State
95.8%
2008
Texas
95.6%
2006
Texas
95.6%
2003
Texas
95.6%
1990
Texas
95.6%
2018
Michigan
95.6%
2022
Kansas
95.6%
2008
UCLA
95.5%
2007
UCLA
95.5%
2006
UCLA
95.5%
1997
UCLA
95.5%
1995
UCLA
95.5%
1992
UCLA
95.5%
2017
Florida
95.3%
Year
Team
% Correct
2015
Michigan State
95.3%
2021
UCLA
95.2%
2021
Michigan
94.4%
2019
Michigan State
94.2%
2016
Villanova
94.1%
2015
Gonzaga
94.1%
2017
Gonzaga
94.1%
2009
Villanova
93.7%
2006
Villanova
93.7%
1988
Villanova
93.7%
1985
Villanova
93.7%
2019
Gonzaga
93.6%
2018
Villanova
93.4%
2013
Ohio State
93.3%
2012
Ohio State
93.3%
2014
Arizona
93.3%
2011
Arizona
93.3%
2007
Ohio State
93.3%
2005
Arizona
93.3%
2003
Arizona
93.3%
1999
Ohio State
93.3%
1992
Ohio State
93.3%
2001
Arizona
93.2%
1998
Arizona
93.2%
1997
Arizona
93.2%
1994
Arizona
93.2%
1988
Arizona
93.2%
1999
Gonzaga
93.1%
2007
Oregon
93.1%
2002
Oregon
93.1%
2023
Texas
93%
2021
Gonzaga
93%
2016
Virginia
92.9%
2016
Oregon
92.7%
2009
Oklahoma
92.6%
2003
Oklahoma
92.6%
2002
Oklahoma
92.6%
2013
Syracuse
92.5%
2012
Syracuse
92.5%
2003
Syracuse
92.5%
1996
Syracuse
92.5%
1989
Syracuse
92.5%
1988
Oklahoma
92.5%
1985
Oklahoma
92.5%
2015
Arizona
92.4%
2019
Virginia
92.3%
2017
Oregon
92.3%
2014
Connecticut
92.3%
1987
Syracuse
92.3%
2011
Connecticut
92.2%
2009
Connecticut
92.2%
2006
Connecticut
92.2%
2004
Connecticut
92.2%
2002
Connecticut
92.2%
1999
Connecticut
92.2%
1998
Connecticut
92.2%
1995
Connecticut
92.2%
1995
Virginia
92.2%
1990
Connecticut
92.2%
1989
Virginia
92.2%
2016
Oklahoma
92.2%
2023
Connecticut
92%
2002
Indiana
91.9%
1993
Indiana
91.9%
1992
Indiana
91.9%
1987
Indiana
91.9%
2014
Wisconsin
91.7%
2005
Wisconsin
91.7%
2000
Wisconsin
91.7%
2016
Syracuse
91.7%
2022
Villanova
91.5%
2023
Gonzaga
91.4%
2015
Wisconsin
90.9%
2018
Florida State
90.5%
2019
Texas Tech
90.5%
2013
Louisville
90.3%
2012
Louisville
90.3%
2009
Louisville
90.3%
2008
Louisville
90.3%
2005
Louisville
90.3%
1997
Louisville
90.3%
1986
Louisville
90.3%
2018
Texas Tech
90.2%
2010
Kansas State
90%
1988
Kansas State
90%
2021
Baylor
89.9%
2005
Illinois
89.5%
2001
Illinois
89.5%
1989
Illinois
89.5%
1993
Florida State
89.4%
2015
Louisville
89.3%
2007
Georgetown
89%
2006
LSU
89%
1989
Georgetown
89%
1987
Georgetown
89%
1985
Georgetown
89%
1987
LSU
88.9%
1986
LSU
88.9%
2018
Kansas State
88.9%
2001
USC
88.8%
2023
Miami (FL)
88.8%
2004
Oklahoma State
88.7%
Year
Team
% Correct
2012
Baylor
88.7%
2010
Baylor
88.7%
2000
Oklahoma State
88.7%
1995
Oklahoma State
88.7%
1996
Georgetown
88.6%
2010
Tennessee
88.5%
2021
USC
88.3%
1995
Arkansas
88.1%
1994
Arkansas
88.1%
1991
Arkansas
88.1%
1990
Arkansas
88.1%
2022
Miami (FL)
88.1%
2002
Maryland
87.6%
2001
Maryland
87.6%
2004
Alabama
87.4%
1987
Iowa
87.3%
2019
Purdue
87%
2000
Purdue
86.9%
1994
Purdue
86.9%
2019
Auburn
86.6%
2017
South Carolina
86.4%
2004
Georgia Tech
86.3%
1990
Georgia Tech
86.2%
1985
Georgia Tech
86.2%
2022
Arkansas
86%
2023
Kansas State
85.6%
2023
San Diego State
85.6%
1991
UNLV
85.5%
1990
UNLV
85.5%
1989
UNLV
85.5%
1987
UNLV
85.5%
1998
Utah
85.1%
1997
Utah
85.1%
2021
Arkansas
85.1%
2011
Butler
85%
2010
Butler
85%
2008
Memphis
85%
2007
Memphis
84.9%
2006
Memphis
84.9%
2010
West Virginia
84.4%
2005
West Virginia
84.3%
2018
Loyola Chicago
83.9%
1997
Minnesota
83.8%
1990
Minnesota
83.8%
2022
Houston
83.5%
1986
North Carolina State
83.5%
1985
North Carolina State
83.5%
2021
Houston
83.4%
2000
Iowa State
83.2%
2009
Missouri
82.9%
2021
Oregon State
82.6%
2002
Missouri
82.6%
1994
Missouri
82.6%
2001
Stanford
82.3%
1998
Stanford
82.3%
2009
Pittsburgh
82.1%
1986
Auburn
82%
2015
Notre Dame
80.9%
2013
Marquette
80.8%
2003
Marquette
80.8%
2023
Florida Atlantic
80.5%
2011
VCU
80.3%
2016
Notre Dame
80.2%
1999
St. John's
80%
1991
St. John's
80%
1985
St. John's
80%
2008
Xavier
79.9%
2004
Xavier
79.9%
2013
Wichita State
79.8%
2017
Xavier
79.5%
1996
Cincinnati
78.3%
1993
Cincinnati
78.3%
1992
Cincinnati
78.3%
2006
George Mason
77.7%
1996
Wake Forest
77.3%
2022
Saint Peter's
76.9%
1996
Mississippi State
76.9%
2023
Creighton
74.8%
1996
Massachusetts
74.3%
1995
Massachusetts
74.2%
1990
Loyola Marymount
73.6%
1992
Memphis
73.6%
1985
Memphis
73.6%
1997
Providence
73.2%
1987
Providence
73.1%
2001
Temple
72.6%
1999
Temple
72.6%
1993
Temple
72.6%
1991
Temple
72.6%
1988
Temple
72.6%
1991
Seton Hall
71.5%
1989
Seton Hall
71.5%
2014
Dayton
71.3%
2004
Saint Joseph's
70.6%
1994
Boston College
69.8%
2008
Davidson
67.9%
2000
Tulsa
57.8%
1998
Rhode Island
54.4%
2002
Kent State
51.3%
1986
Navy
46.2%
Quiz Playlist
Details
Report
Send in Message
Add To Playlist
Classic:
Type in answers that appear in a list
Last Updated: Apr 22, 2017
Quiz Scoreboard
CHALLENGE
Sign Up to Join the Scoreboard
Show All
Scores
Hide
Comments
May contain spoilers
Recently Published
Street Fighter Characters
by Artimus82
Gaming
60s
9x9 Crossword: Cartoon Network
by jackfrog10
Miscellaneous
3m
College Basketball Coaching Resumes
by pancakes188
Sports
9m
More to Explore
Quiz From the Vault
Featured Blog Post
Where Did the Easter Bunny Come From?
hide this ad
You Might Also Like...
Tags
Athletes Quiz
Basketball Quiz
NCAA Quiz
2014
Elite Eight
March Madness
NCAA Basketball
Today's Top Quizzes in Sports
Browse Sports
hide this ad
Today's Top Quizzes in NCAA
Browse NCAA
Top Contributed Quizzes in Sports
1
2022 World Cup Stars
2
Les meilleurs buteurs des matchs entre le PSG et l’OM
3
FIFA Club World Cup Champions
4
Les entraîneurs de l'OM et du PSG au 21e siècle
5
Criteria MLB: Left Handed Sluggers
6
2023 MLB Unique Player Accomplishments
7
AFC Teams Reveal (Wrong Answers Minefield)
8
Players with Multiple 50 Home Run Seasons
9
5-to-1: FBS Animal Nicknames
10
5-to-1: UK Sports Teams
Explore More
Trending Topics
NBA
Marvel
Anime
Crossword
Disney
Harry Potter
Kpop
The Office
NFL
Soccer
WWE
Song
Puzzle
Country
Pokémon
hide this ad
More By:
jfishman11
Quiz
Plays
Rating
Category
Featured
Created
NBA MVP's Alma Maters
14,152
4.08
Sports
Jun 17, 2013
NFL Draft: Top 5 QBs
9,107
5.00
Sports
Aug 20, 2021
2014 NFL Team Statistic Leaders
2,813
4.50
Sports
Jan 2, 2015
NBA Top 5 Scorers By Team (2012 - 2013)
2,676
3.83
Sports
Jun 6, 2013
Almost Net Cutters
2,374
4.86
Sports
Apr 1, 2016
Go to Creator's Profile
Score Distribution
Quiz Creator Spotlight
jfishman11
Follow
Send a Message
Quizzes Created
-
Created Quiz Play Count
-
More By This Creator
Popular Quizzes Today
1
Find the US States - No Outlines Minefield
2
Find the Countries of Europe - No Outlines Minefield
3
The Countries of the World
4
Find the US States
5
Risky Map Clicking: Biggest States A-Z
6
US States
7
Popular People in 1961
8
Movies - When Are They Set?
More Sports Quizzes
Top 30 Scorers for Maurizio Sarri
Quiz Lab
Trending Quizzes
Risky Map Clicking: Least Populous States A-Z
1-10 Letter G Words
Risky Map Clicking: Next State Alphabetically
Adjectives in 80s TV Shows
The Seven Year Switch: Catherine
Recently Updated
Leaping Animals
pecheneg
Reality TV Shows (A-Z)
bhenderson79
Rickey Henderson's Hall of Fame Teammates
pecheneg
Champions League XIs: Arsenal
pecheneg
Quick Pick: Celebrities in WWE's Hall of Fame
aduchscher
A-Z Keypad Blitz II
pecheneg
Multiple Oscar Actors
pecheneg
Mystery Phrase Blitz: Oscar 'Best Actors'
pecheneg
F. Scott Fitzgerald Novels
LTH
Pick 3 Villains
ddd62291
Trending Topics
Marvel
NBA
Harry Potter
Crossword
Disney
Kpop
Anime
Puzzle
Country
NFL
The Office
Song
WWE
Soccer
Pokémon
Your Account Isn't Verified!
In order to create a playlist on Sporcle, you need to verify the email address you used during registration. Go to your
Sporcle Settings
to finish the process.
Report this User
Report this user for behavior that violates our
Community Guidelines
.
Details:
Send Report
Go to the Sporcle.com Mobile Site →
Comments